Jugadors del Barça - Statistics

General Stats
  • This quiz has been taken 7 times
  • The average score is 21 of 25
Answer Stats
Dorsal Posició Nac. Contracte Jugador % Correct
20 MIG CAT 2030 Dani Olmo
100%
24 DEF CAT 2031 Eric García
100%
16 MIG ESP 2031 Fermín López
100%
7 DAV VAL 2027 Ferran Torres
100%
21 MIG NED 2029 Frenkie de Jong
100%
6 MIG ESP 2030 Gavi
100%
18 DEF CAT 2028 Gerard Martín
100%
13 POR CAT 2031 Joan Garcia
100%
23 DEF FRA 2030 Jules Koundé
100%
10 DAV CAT 2031 Lamine Yamal
100%
14 DAV ENG (cedit) Marcus Rashford
100%
8 MIG ESP 2030 Pedri
100%
11 DAV BRA 2028 Raphinha
100%
9 DAV POL 2026 Robert Lewandowski
100%
3 DEF CAT 2028 Alejandro Balde
80%
2 DEF POR (cedit) João Cancelo
80%
5 DEF CAT 2029 Pau Cubarsí
80%
4 DEF URU 2031 Ronald Araújo
80%
19 DAV SWE 2029 Roony Bardghji
80%
25 POR POL 2027 Wojciech Szczęsny
80%
15 DEF DEN 2026 Andreas Christensen
60%
22 MIG CAT 2029 Marc Bernal
60%
17 MIG CAT 2028 Marc Casadó
60%
29 DAV CAT 2027 Toni Fernández
40%
26 DEF CAT 2028 Jofre Torrents
20%
No matching quizzes found
Score Distribution
Percent of People with Each Score
Percentile by Number Answered
Your Score History
You have not taken this quiz